[Event "Tilburg"]
[Site "Tilburg"]
[Date "1993.??.??"]
[Round "6"]
[White "Beliavsky, Alexander G"]
[Black "Karpov, Anatoly"]
[Result "0-1"]
[WhiteElo "2635"]
[BlackElo "2760"]
[Annotator "Dautov,R"]
[PlyCount "122"]
[EventDate "1993.11.??"]
[EventType "k.o."]
[EventRounds "7"]
[EventCountry "NED"]
[SourceTitle "CBM 039"]
[Source "ChessBase"]
[SourceDate "1994.04.01"]
[SourceVersion "1"]
[SourceVersionDate "1994.04.01"]
[SourceQuality "1"]

1. e4 {Ernst} c6 2. d4 d5 3. Nc3 dxe4 4. Nxe4 Nd7 5. Bc4 Ngf6 6. Ng5 e6 7. Qe2
Nb6 8. Bb3 h6 9. N5f3 a5 10. a4 (10. a3 a4 11. Ba2 c5 12. Bf4 (12. c3 {Ernst}
cxd4 13. cxd4 Be7 $1 14. Be3 Nbd5 15. Ne5 Qa5+ 16. Bd2 Qb6 17. Be3 Qa5+ $10 {
Ernst,T-Olafsson,H/Reykjavik/1994/}) 12... Nbd5 13. Be5 Qa5+ 14. Nd2 b5 15.
Ngf3 b4 16. Bc4 Ba6 $10 {->Ivanchuk-Karpov (1)/Tilburg (7)/1993}) 10... c5 11.
dxc5 {N Uebliche Fortsetzungen sind 11.Bf4 und 11.Be3} (11. Bf4 Bd6 12. Bg3) (
11. Be3 Qc7 12. Ne5 cxd4 13. Bxd4 Bc5 14. Ngf3 O-O 15. O-O Rd8 16. c3 Bd7 17.
Bxc5 Qxc5 18. Nd4 Be8 19. Kh1 Nbd5 20. f4 $14 {->Ivanchuk-Epishin (1)/Tilburg 
(4)/1993}) 11... Nbd7 12. Ne5 Nxe5 $1 (12... Nxc5 13. Bc4 Bd6 14. Bb5+ $14) 13.
Qxe5 Nd7 14. Qe2 Bxc5 $1 (14... Nxc5 15. Bc4 Be7 16. Nf3 O-O 17. Be3 $14) 15.
Nf3 b6 16. O-O O-O $10 17. c3 {Schwarz kann mit den Eroeffnungsergebnissen
zufrieden sein.} (17. Bf4 Ba6 18. Bc4 Qf6 19. Bxa6 Qxf4 $10) (17. Bc4 Bb7 18.
Bb5 Qc7 19. Be3 $6 Bxe3 20. Qxe3 Nf6 $36 {/\Qc2,/\Ng4}) 17... Qc7 18. Be3 Ba6
$1 19. Bc4 Bxe3 20. Bxa6 Bc5 21. Bd3 Rad8 22. Rad1 Nf6 {Der Laeuferabtausch
war zu Gunsten von Schwarz,da sein Bc5 wesentlich gefaehrlicher als der weisse
Bd3 ist.Ausserdem sind die weissen Bauern am Damenfluegel 'fast' festgelegt.}
23. Nd2 (23. Ne5 Rd5 24. Rfe1 $2 Bxf2+ $1 25. Qxf2 (25. Kxf2 $2 Rxe5 $19) 25...
Rxe5 26. Rxe5 Qxe5 27. Qxb6 Rb8 $17 28. Bc2 $2 g6 29. Rd8+ Kg7 $19) (23. Bc2 $5
Rxd1 24. Rxd1 Ng4 25. Rf1 Rd8 26. h3 Nf6 27. Rd1 Rxd1+ 28. Qxd1 g6 29. Qd2 Kg7
{Die Stellung ist etwas angenehmer fuer Schwarz.Solange die Damen auf dem
Brett sind,kann sich der weisse Monarch nicht sicher fuehlen.}) 23... Qf4 24.
Bc2 Rd5 25. g3 Qe5 26. Qxe5 {Weiss ist froh,die Damen abzutauschen.Damit
sichert er seinen Koenig ab, dafuer wird die schwarze Bauernmajoritaet auf dem
Koenigsfluegel eine wesentlich groessere Rolle spielen.} (26. Qf3 $5 Rfd8 27.
Nc4 Qc7 28. Rxd5 Rxd5 29. Qe2 g6 {=/+/=}) 26... Rxe5 27. Rfe1 (27. Nc4 $5 Rd5
28. Rxd5 exd5 $5 (28... Nxd5 29. Rd1 Rc8 30. Bb3 Kf8 31. Ne5 $10) 29. Nd2 Re8
30. Bd3 Ne4 $36) 27... Rxe1+ 28. Rxe1 Rc8 $1 {Der schwarze Turm zieht die
'offene' 5.Reihe der offenen d-Linie vor.Hier wird er den Vormarsch der
schwarzen Bauern unterstuetzen,ohne sich in Abtauschgefahr zu befinden.} 29.
Ne4 (29. Nb3 Kf8 30. Nxc5 Rxc5 $15) 29... Nxe4 30. Rxe4 Kf8 31. Kf1 Ke7 32. Re1
{Beliavsky spielt ohne Plan.Er sollte unbedingt jetzt oder spaeter h2-h4
spielen,was in solchen Stellungen fast immer zu empfehlen ist.} Bd6 33. Rd1 Rc5
34. Bd3 g5 $15 35. Bb5 h5 {!=/+ Ernst} 36. Kg2 Rf5 {Ohne Eile! Fruehzeitig
waere 36..g4,denn nach 37.h3 koennte Weiss ein    Bauernpaar abtauschen und
damit seine Verteidigung erleichtern.} 37. Bd3 Re5 38. Kf1 $2 {Noch eine
Nachlaessigkeit.Weiss laesst die schwarzen Bauern zu weit vor- ruecken.
Notwendig war 38.h3.} (38. h3 h4 $5 39. g4 $1 (39. gxh4 gxh4 40. Kf3 Bc5 $17)
39... f5 (39... Bc5 40. Kf1) 40. gxf5 (40. Kf3 Bc5 41. Bb5 $6 fxg4+ 42. hxg4
Bd6 $17 {o^h4}) 40... exf5 41. Kf3 Bc5 42. Bc2 $15 (42. Bb5 $6 Re4 $1 $17 {><f2
})) (38. h3 f5 39. Kf1 Rc5 $15) 38... g4 $1 39. Re1 Rd5 40. Bc4 Rg5 41. Kg2 (
41. f3 $2 {Ernst} gxf3 42. Kf2 h4 $1 $19) 41... h4 $1 $17 42. gxh4 $2 {Schwarz
macht Fortschritte und die weisse Lage wird immer schwieriger.Der neue Fehler
von Beliavsky beruht wohl auf einer Verrechnung.} (42. Re4 {>=} h3+ 43. Kf1 Rg6
$1 (43... e5 44. Bd3 f5 45. Rc4 e4 46. Bc2 Rg8 47. b4 Rb8 48. Ke2 axb4 49. cxb4
b5 50. axb5 Rxb5 51. Ba4 Rb8 52. b5 $10) 44. Bd3 f5 45. Rc4 Rf6 46. b4 (46. Rc6
f4 $36) 46... f4 47. Ke2 Rf8 48. Re4 fxg3 49. fxg3 Bxg3 50. Rxg4 Bxh2 51. Rh4
Be5 52. Rxh3 Bxc3 53. bxa5 bxa5 $17) (42. Kg1 $1 {Ernst} h3 43. Kf1 Bc5 44. Bd3
f5 (44... e5 45. Re2 Bd6 {With the plan f7-f5 and e5-e4.} (45... Kd6 46. Rd2 $1
$132) 46. f3 $1 gxf3 47. Re3 f2 (47... f5 48. Rxf3 e4 49. Re3 Bc5 50. Re1 Kf6
51. Bc2 Ke5 52. Re2 $1 (52. Ke2 $2 f4 53. gxf4+ Kxf4 54. Rf1+ Ke5 $17) 52... e3
{With the threat f4} 53. Re1 $1 (53. b4 axb4 54. cxb4 Bd4 $17) 53... f4 54.
gxf4+ Kxf4 55. Re2 $1 $10 (55. Bb3 $2 e2+ $1 56. Kxe2 Rg2+ 57. Kd3 Rxh2 $17))
48. Rf3 Bc5 49. Rf5 Rxf5 50. Bxf5 $10) 45. Bc4 Rg6 46. Bb3 Bd6 {With the plan
e6-e5-e4.} 47. f3 $1 gxf3 48. Kf2 $1 (48. Re3 $4 Bxg3 $1 $19) 48... e5 (48...
f4 49. g4 $10) 49. Kxf3 e4+ 50. Ke2 Bc5 51. Rf1 Kf6 52. Ba2 Ke5 53. Bb3 $10)
42... Rh5 43. Re4 $2 (43. Rh1 Rxh4 44. Be2 f5 45. Bd1 {/\h3} Bc5 $17) 43...
Rxh4 44. Kf1 {/\h3} e5 $1 {Das hat Weiss wahrscheinlich uebersehen.Er verliert
jetzt einen Bauern.} (44... Bxh2 $2 45. f3 $15) 45. Bd5 (45. f4 f5 46. Re2 e4
47. Rf2 e3 $19) 45... f5 46. Rc4 Rxh2 47. b4 e4 $19 48. Rc6 g3 49. fxg3 e3 $1 {
Die technische Phase der Partie spielt Karpov wie ueblich sehr sicher.} 50. Bc4
Rf2+ 51. Ke1 (51. Kg1 axb4 52. cxb4 Rc2 53. Bb5 e2 $19) 51... axb4 52. cxb4
Bxb4+ 53. Kd1 Rd2+ 54. Kc1 Kd7 55. Rxb6 (55. Re6 Rd4 56. Bb3 Rd3 57. Ba2 Ra3
58. Bd5 Bc5 $19) 55... Ba3+ 56. Kb1 e2 57. Bxe2 Rxe2 58. a5 Bd6 59. a6 Re5 (
59... Bxg3 {Ernst} 60. a7 (60. Rb5 Re1+ 61. Ka2 Be5 $19) (60. Rf6 f4 61. a7 Re8
$19) 60... Re8 61. Rb5 Ke6 62. Rb6+ Kd5 $19) 60. Kc2 Ra5 61. Rb7+ Ke6 0-1

[Event "Belgrade Super"]
[Site "Belgrade"]
[Date "1996.??.??"]
[Round "2"]
[White "Leko, Peter"]
[Black "Bareev, Evgeny"]
[Result "1/2-1/2"]
[WhiteElo "2625"]
[BlackElo "2645"]
[Annotator "Engqvist"]
[PlyCount "41"]
[EventDate "1996.02.??"]
[EventType "tourn"]
[EventRounds "11"]
[EventCountry "YUG"]
[EventCategory "16"]
[SourceTitle "CBM 052"]
[Source "ChessBase"]
[SourceDate "1996.06.01"]
[SourceVersion "1"]
[SourceVersionDate "1996.06.01"]
[SourceQuality "1"]

1. e4 c6 2. d4 d5 3. Nc3 dxe4 4. Nxe4 Nd7 5. Ng5 Ngf6 6. Bc4 e6 7. Qe2 Nb6 8.
Bd3 h6 9. N5f3 c5 10. dxc5 Bxc5 11. Ne5 Nbd7 12. Ngf3 Qc7 13. O-O O-O 14. Bf4
Bd6 15. Nxd7 Bxd7 16. Bxd6 Qxd6 17. Rad1 (17. Rfd1 Qb6 18. c3 (18. Ne5 Rfd8 19.
c4 Bc6 20. Rac1 Nd7 $10 {Rigo-Eperjesi, HUN-ch 1978}) 18... Rfd8 19. a4 Rac8
20. a5 Qc5 $10 {Ceskovskij-Haritonov, Soci 1981}) (17. Ne5 Rfd8 (17... Rad8 18.
Rad1 Qb6 19. c3 Ba4 20. b3 Bc6 {1/2 Adorjan-Vadasz, Hungary 1977}) 18. Rad1 Qb6
19. Nxd7 (19. c3 Ba4 20. Rd2 Rd5 21. Ng4 Nxg4 22. Qxg4 Bc6 23. h4 Rad8 24. Rfd1
Qa5 25. Qe2 Qa4 (25... Qxa2 $5 26. c4 R5d7 27. b4 Rxd3 $1 28. Rxa2 Rxd1+ 29.
Kh2 a6 30. b5 axb5 31. cxb5 Be8 {and Black has no problems.}) 26. b4 a6 27. Bc2
Qa3 28. Rxd5 Rxd5 29. Bb3 {1/2 Velikov-Spiridonov, Baile Herculane 1982}) 19...
Rxd7 20. c3 Rad8 21. Bc2 g6 $10 {Jansa-Holmov, Budapest 1976 - 23/204}) 17...
Qb6 18. c3 (18. c4 Rfd8 19. Rd2 Be8 (19... Bc6 20. Rfd1 Kf8 21. b3 a5 $6 (21...
Bxf3 $5 22. Qxf3 Rd7 $10) 22. Ne5 $14 Rd4 $6 23. Bc2 Rad8 $2 24. Qe3 $1 {>< Qb6
} Rxd2 25. Rxd2 Qc7 (25... Qxe3 26. Rxd8+ Ke7 27. fxe3 Kxd8 28. Nxf7+ Ke7 29.
Ne5 $16) 26. Rxd8+ Qxd8 27. Nxc6 bxc6 28. Qc5+ Kg8 29. Qxc6 $16 {
Santo-Roman-Spiridonov, Toulouse 1990}) 20. Rfd1 Kf8 21. Bb1 Rxd2 22. Rxd2 Rc8
23. Ne5 a5 24. h3 Ke7 25. b3 Rd8 26. Rxd8 Qxd8 27. Be4 b6 28. Bf3 Qd4 29. g3
Kd6 30. Nd3 e5 31. Bg2 e4 32. Nf4 Bc6 $10 {Przewoznik-Tomaszewski, Naleczow
1985}) 18... Rfd8 19. Rd2 Rac8 20. Rfd1 Ba4 21. Bc2 1/2-1/2

[Event "Belgrade Investbank"]
[Site "Belgrade"]
[Date "1995.??.??"]
[Round "10"]
[White "Topalov, Veselin"]
[Black "Adams, Michael"]
[Result "1/2-1/2"]
[WhiteElo "2670"]
[BlackElo "2660"]
[Annotator "Engqvist"]
[PlyCount "64"]
[EventDate "1995.11.??"]
[EventType "tourn"]
[EventRounds "11"]
[EventCountry "YUG"]
[EventCategory "17"]
[SourceTitle "CBM 051"]
[Source "ChessBase"]
[SourceDate "1996.04.01"]
[SourceVersion "1"]
[SourceVersionDate "1996.04.01"]
[SourceQuality "1"]

1. e4 c6 2. d4 d5 3. Nc3 dxe4 4. Nxe4 Nd7 5. Bc4 Ngf6 6. Ng5 e6 7. Qe2 Nb6 8.
Bd3 h6 9. N5f3 c5 10. dxc5 Bxc5 11. Ne5 Nbd7 12. Ngf3 Qc7 13. Bf4 Bb4+ 14. Nd2
(14. Kf1 Bd6 15. Rd1 (15. Bg3 O-O 16. Rd1 Nxe5 17. Nxe5 Rd8 $1 $8 18. Nc4 Bxg3
19. hxg3 Bd7 20. Qe5 Rac8 21. Qxc7 Rxc7 22. Ne3 Kf8 23. Rh4 Bc6 $10 {
Timman-Karpov, Amsterdam 1988 - 45/161}) (15. Re1 O-O 16. c3 (16. g4 Nxg4 $1)
16... b6 17. h4 Bb7 18. Nxd7 Qxd7 19. Ne5 Qc7 20. Rh3 Nd5 21. Bc1 Rfd8 22. Rg3
Bxe5 23. Qxe5 Qxe5 24. Rxe5 Kf8 25. Re1 {1/2 Mestel-Hodgson, Great Britain (ch)
1989}) 15... Nxe5 16. Nxe5 (16. Bxe5 Bxe5 17. Bb5+ Ke7 18. Nxe5 a6 19. Bd3 b5
$13 {Gallagher-Morrison Blackpool, ch-GB 1988}) 16... O-O 17. Bg3 Rd8 18. Nc4
Bxg3 19. hxg3 b6 $1 {/\ Ba6} 20. Ne5 Bb7 $1 21. Re1 Qe7 {/\ Nd7}) (14. Bd2
Bxd2+ 15. Kxd2 Nd5 16. Rhe1 Nf4 17. Qe4 Nxe5 18. Nxe5 Nxd3 19. Nxd3 Bd7 20. Qe5
Qxe5 21. Nxe5 Ke7 $10 {Leluashvili-Simonenko, cr 1988/92}) (14. c3 $2 Bxc3+)
14... Bxd2+ (14... Nxe5 $5 15. Bxe5 Bd6 16. Bb5+ Bd7 17. Bxf6 gxf6 18. Ne4 Be7
19. O-O-O O-O-O 20. Bxd7+ Rxd7 21. Rxd7 Kxd7 22. Qe3 a6 23. g4 Kc8 24. h3 f5
25. gxf5 exf5 26. Qc3 Qxc3 27. Nxc3 Bg5+ 28. Kb1 Bh4 29. Rh2 Re8 $17 {
Diaz-Kudrin, Las Palmas 1989}) 15. Kxd2 O-O 16. Rhd1 Nd5 $146 (16... Nc5 17.
Ke1 (17. Bc4 b5 {1/2 SandÉn-Wessman, Sweden (ch) 1994}) 17... Nd5 18. Bg3 Nxd3+
19. Rxd3 b5 20. c3 Qb7 21. Rad1 Bd7 22. Rd4 $14) (16... Qb6 17. Kc1 (17. Nc4
Qc6 18. Qf3 $5 Nd5 $1 19. g3 (19. Bd6 $2 b5 $19) (19. Bg3 Nc5) 19... Nc5 20.
Bd6 (20. Bxh6 $2 gxh6 21. Qg4+ Kh8 22. Ne5 Qa4 $1 23. Qh5 Kg7 24. Ng4 Qb4+ $1
25. Ke2 Qf4 26. c4 e5 27. Nxe5 Re8 $19) (20. Ne5 Qa4 $1 21. Ke2 Nxd3) 20... b5
$1 21. Bxf8 bxc4 22. Bxc5 cxd3 23. b4 dxc2 24. Rdc1 a5 25. a3 {Karpov}) 17...
Nd5 18. Bg3 Nc5 (18... Nxe5 19. Bxe5 (19. Qxe5 Bd7 {/\ Bb5=}) 19... f6 20. Bd4
(20. Bg3 $5) 20... Qc7 21. g3 $14 {Timman} (21. Qe4 $5)) 19. Bc4 Na4 (19... Bd7
20. Nxd7 Nxd7 21. a4 $1 Rac8 22. Ra3 Qb4 (22... Qc5 23. Bxd5 exd5 24. Rc3 Qb4
25. Qb5 $16 {Timman}) 23. Bxd5 exd5 24. Qb5 Qe4 25. Qd3 Nf6 $8 26. Qxe4 dxe4
27. Rb3 $16 {Timman-Karpov, Zwolle (m/3) 1993 - 59/161}) 20. Rb1 $1 (20. Bb3
Nc5 21. Bxd5 exd5 22. Rxd5 Be6 $44) 20... Qc5 (20... Qb4 21. c3 Naxc3 22. bxc3
Qxb1+ 23. Kxb1 Nxc3+ 24. Kc2 Nxe2 25. Bxe2 $16 {Enders}) 21. Qd3 Nab6 22. Bb3
Nf6 23. Qd4 Qxd4 24. Rxd4 Nbd5 25. a4 $1 $16 {Enders-Engqvist, Budapest 1995})
17. Bg3 Nxe5 18. Bxe5 Qa5+ 19. Kc1 f6 20. Bg3 Bd7 21. c4 Nb4 22. Bb1 Ba4 23.
Rd2 Rad8 24. Bd6 Rfe8 25. h4 Nd5 26. c5 f5 27. a3 Bb5 28. Qe5 Bc4 29. g4 Bb3
30. a4 Qa6 31. Bd3 Bc4 32. Bc2 Nb4 1/2-1/2

[Event "World-ch Tournament"]
[Site "Mexico City"]
[Date "2007.09.24"]
[Round "10"]
[White "Svidler, Peter"]
[Black "Morozevich, Alexander"]
[Result "1/2-1/2"]
[WhiteElo "2735"]
[BlackElo "2758"]
[Annotator "Erenburg,S"]
[PlyCount "88"]
[EventDate "2007.09.13"]
[EventType "tourn"]
[EventRounds "14"]
[EventCountry "MEX"]
[EventCategory "21"]
[SourceTitle "CBM 120"]
[Source "ChessBase"]
[SourceDate "2007.10.02"]
[SourceVersion "1"]
[SourceVersionDate "2007.10.02"]
[SourceQuality "1"]

1. e4 c6 2. d4 d5 3. Nd2 dxe4 4. Nxe4 Nd7 5. Ng5 {This is the most principled
line to fight for an opening advantage.} Ngf6 (5... h6 $2 6. Ne6 $1 {is the
point of 5.Ng5.}) 6. Bd3 (6. Bc4 e6 7. Qe2 Nb6 {is another theoretical line.})
6... e6 ({Again} 6... h6 $2 {is met by} 7. Ne6 $1) 7. N1f3 Bd6 (7... h6 $2 {
allows White to sacrifice a piece for a very strong and long-lasting
initiative. We all remember the historical defeat of Garry Kasparov:} 8. Nxe6
Qe7 9. O-O fxe6 10. Bg6+ Kd8 11. Bf4 {[%csl Rd8,Yf8,Yh8]} b5 12. a4 Bb7 13. Re1
Nd5 14. Bg3 Kc8 15. axb5 cxb5 16. Qd3 Bc6 17. Bf5 exf5 18. Rxe7 Bxe7 19. c4 {
1-0 Comp Deep Blue-Kasparov,G (2785)/New York 1997/EXT 1998}) 8. Qe2 h6 {
Now, this move is ok!} 9. Ne4 Nxe4 10. Qxe4 Qc7 ({The move} 10... Nf6 {is
tempting, but loses control over the important e5 square, which becomes
apparent after} 11. Qe2 Qc7 12. Bd2 b6 13. O-O-O Bb7 14. Ne5 $14 {[%csl Ge5]})
11. O-O b6 12. Qg4 {[%csl Rg7] Forcing Black to make a concession, either to
weaken his kingside, or to lose the right to castle.} Kf8 {Black loses his
right to castle, but, on the other hand White can't make use of it immediatly.
Meanwhile, Black is going to complete his queenside development and push c6-c5.
The alternative 12...g5 disappeared from top tournaments after following
brilliant win of Vishy Anand:} (12... g5 13. Qh3 Rg8 14. Re1 Bf8 15. Qf5 $1 Bg7
16. h4 Kf8 17. Qh3 Rh8 18. hxg5 hxg5 19. Qg4 c5 20. Bxg5 cxd4 21. Rad1 Bb7 22.
Rxe6 $3 fxe6 23. Be7+ $1 Kxe7 24. Qxg7+ Kd6 25. Nxd4 Qc5 26. Bf5 $1 Qe5 27.
Nf3+ $18 {1-0 Anand,V (2774)-Bologan,V (2650)/Dortmund 2003/CBM 097 (36)}) 13.
Bd2 $6 {In my opinion, this way of development is not the best one. The main
alternative is 13.b3 developing the dark-squared to b2, where it can press
Black's vulnerable Pg7. Recently, White successfully employed also the move 13.
Qh4. Here, few recent examples:} (13. Qh4 Bb7 (13... c5 14. Be4 Rb8 15. Rd1 Ba6
16. dxc5 bxc5 17. b3 f5 18. Bd3 Bxd3 19. Rxd3 Ne5 20. Nxe5 Bxe5 21. Rb1 $14 {
[%csl Re6] 1-0 Jakovenko,D (2708)-Sasikiran,K (2690)/Foros UKR 2007/The Week
in Chess 659 (69)}) 14. Re1 Kg8 (14... c5 $5 15. Be4 Bxe4 16. Qxe4 Rd8 17. dxc5
Nxc5 18. Qh4 Kg8 19. b3 Be7 20. Qc4 Bf6 21. Bf4 Qb7 22. Be5 Nd7 23. Bxf6 Nxf6
24. Rad1 Kh7 $11 {1/2-1/2 Nisipeanu,L (2693)-Sasikiran,K (2690)/Foros UKR 2007/
The Week in Chess 660 (33)}) 15. Qh3 Re8 (15... c5 $2 16. Rxe6 $1 fxe6 17.
Qxe6+ Kf8 18. Nh4 $18) 16. c4 Nf6 17. Bd2 c5 18. d5 e5 19. Bc3 g6 20. Qh4 Kg7
21. Nd2 $16 {1-0 Leko,P (2738)-Bareev,E (2643)/Elista RUS 2007/The Week in
Chess 657 (41)}) (13. b3 Bb7 14. Bb2 Nf6 15. Qh4 Nd5 16. Rfe1 Nf4 17. Ne5 g5
18. Qg4 Rg8 19. Qf3 Rd8 20. Rad1 c5 21. Be4 Bxe5 22. dxe5 Rxd1 23. Rxd1 Bxe4
24. Qxe4 $14 {1/2-1/2 Anand,V (2779)-Wojtaszek,R (2637)/Baden Baden GER 2007/
The Week in Chess 647 (35)}) 13... Bb7 14. Rfe1 ({Deserves further
investigation:} 14. c4) 14... Rd8 15. Rad1 c5 $1 $146 {[%csl Gb7,Gc7,Gd6,Rf3,
Rh2] Black successfully completed his queenside development and opened
diagonals for his bishops. White's kingside is under pressure. Meanwhile,
White didn't create any threats against the black monarch, while his queen is
actually misplaced. White should already fight for equality.} (15... Nf6 16.
Qh4 (16. Qh3 c5 17. dxc5 bxc5 $11) 16... c5 17. Ne5 (17. dxc5 $142 bxc5 18. Be2
$11) 17... cxd4 18. Bf4 Kg8 19. c3 dxc3 20. bxc3 Qe7 21. Qh3 Nd5 $17 {1/2-1/2
Jakovenko,D (2596)-Adams,M (2738)/playchess.com INT 2004/EXT 2005 (53)}) 16.
dxc5 bxc5 {Black is now threatening to take on f3, so White's reply is
understandable.} 17. h4 {Now, the "h" pawn is not hanging.} (17. Bc3 Nf6 18.
Qh3 Bxf3 (18... Nd5 19. Be5 Bxe5 20. Nxe5 Nf4 21. Qg3 g5 (21... Nxg2 $4 22.
Ng6+ $18 {[%csl Rc7]}) 22. f3 $11) 19. Qxf3 Bxh2+ (19... Nd5 $2 20. Rxe6 Nxc3
21. bxc3 Bxh2+ 22. Kh1 Qf4 23. Bg6 $3 Rb8 24. Re3 $1 fxg6 25. Qd5 Qg5 26. Kxh2
Qxd5 27. Rxd5 $14) 20. Kh1 Bf4 21. Bc4 Rxd1 22. Rxd1 Ke7 {White's compensation
for a pawn is rather murky.}) (17. Qh3 $2 Bxf3 18. gxf3 {[%csl Rf2,Rf3,Rh2]
This is strategically bad for White.}) 17... Nf6 18. Qh3 c4 $6 ({Black could
win an exchange nearly by force!} 18... e5 $1 {[%cal Ge5e4]} 19. Bc3 e4 20.
Bxf6 gxf6 21. Bxe4 Bxe4 22. Rxe4 Bh2+ 23. Nxh2 Rxd1+ 24. Nf1 Qc6 $15) 19. Bf1
Bd5 {[%csl Gd5] Black is at least not worse, as he is very solid in the center.
} 20. h5 Kg8 21. Be3 (21. Bc3 Kh7 22. Ne5 Ne4 (22... Rhf8 $5 $11) 23. Nxc4 (23.
Rxd5 $2 {is parried by} Ng5 $1 ({but not} 23... exd5 $2 24. Qf5+ Kg8 {[%tqu
"En","Please enter a move for White.","","","c3a5","",5]} 25. Ba5 $1 Qxa5 26.
Qxf7+ Kh7 27. Qf5+ Kg8 28. Rxe4 $1 Bxe5 29. Qxe5 $16)) 23... Nxc3 (23... Bc5 $4
24. Rxe4 $1 Bxe4 25. Qg4 $18 {[%csl Re4,Rg7]}) (23... Bxc4 $2 24. Rxe4 Bxf1 25.
Kxf1 $16) 24. Qxc3 Bh2+ 25. Kh1 Rhe8 {Black's pair of bishops compensates the
lack of pawn.}) 21... Kh7 {Black has completed an artificial castling.} 22. Bd4
Rhe8 23. b3 {The exchange on f6 at any time favours Black. So, Svidler is
trying to get rid of the Pc4 in order to make his light-squared bishop more
active.} cxb3 $6 {This exchange helps White, because it opens the diagonal for
the white light-squared bishop and also opens the "a" file.} (23... Bc5 24.
Bxf6 (24. Be5 Qb6 $15 {[%csl Rf2]}) 24... gxf6 25. Bxc4 Bxc4 26. bxc4 Qf4 $15)
24. axb3 Ne4 $2 {This is too optimistic.} ({Again, solid} 24... Bc5 {was
perfectly playable.}) 25. Bb5 $2 (25. Bd3 $2 f5 {gives White nothing.}) ({But,
} 25. Qg4 $1 {could punish Black for his mistake.} f5 (25... e5 26. Bxe5 $1
Bxe5 27. Rxd5 Nf6 (27... Nxf2 28. Qf5+ g6 29. Rxd8 gxf5 30. Rxe8 Bc3 31. Kxf2
Bxe1+ 32. Kxe1 Qxc2 33. Re3 $16) 28. Rxd8 Bh2+ $1 29. Nxh2 Nxg4 30. Bd3+ g6 31.
hxg6+ Kg7 32. Rdxe8 Qxh2+ 33. Kf1 Qh4 34. Ke2 Qxf2+ 35. Kd1 $16) (25... Nf6 26.
Bxf6 gxf6 {[%tqu "En","How should White continue?","","","d1d5","",10]} 27.
Rxd5 $1 exd5 28. Bd3+ Kh8 29. Rxe8+ Rxe8 30. Qf5 {and so on.}) 26. Qg6+ Kg8 27.
c4 Ba8 28. c5 $1 Nxc5 (28... Bxc5 29. Rc1 Qe7 30. Rxe4 $18 {[%csl Rc5]}) 29.
Bf6 {winning an exchange.}) 25... Re7 26. Qg4 f5 (26... e5 $2 27. Rxe4 Be6 28.
Qh4 exd4 29. Rexd4 $16) 27. Qg6+ Kg8 28. c4 Ba8 29. Be3 $2 {Attacking Ph6, but
missing a simple reply.} ({I don't see any better option for White than the
repetition of moves after} 29. Be5 Qb6 30. Bd4 Qc7 $11) 29... Rf8 $1 {[%csl
Rg6][%cal Gf8f6]} 30. Bd4 {White is forced to admit the mistake and come back
with the bishop, not to lose his queen.} a6 $2 {At this stage of the game,
both players were short on time, so, it was obviously extremely difficult to
calculate everything in such a messy position. White's queen is actually stuck
on g6, all Black needs to do is to remove the Bd4 and then to trap the queen
by Rf6.} (30... e5 $2 31. c5 $1 Bxc5 (31... Nxc5 32. Bxc5 Bxc5 33. Bc4+ Kh8 34.
Nh4 {with strong play on the light squares.}) 32. Bxe5 Bxf2+ 33. Kh1 (33. Kf1
$2 Rxe5 34. Rd7 Nd2+ $1 35. Kxf2 Qc5+ 36. Nd4 Ne4+ 37. Kg1 Re7 38. Rxe7 Qxe7
$17) 33... Rxe5 34. Rd7 Qxd7 35. Bxd7 Ng3+ 36. Kh2 Bxf3 $1 37. Rxe5 Nf1+ 38.
Kh1 (38. Kh3 $4 Bg4+ $19) 38... Ng3+ {with nice perpetual check.}) (30... Bc5
$1 {was as simple as strong!} 31. b4 (31. Bxc5 Qxc5 $19 {[%csl Rf2,Rg6][%cal
Gf8f6]}) 31... Bxd4 32. Rxd4 e5 33. Rd3 Rf6 34. Red1 Rxg6 35. hxg6 Bc6 $8 36.
Rd8+ Re8 37. Rxe8+ Bxe8 38. Bxe8 Kf8 39. Bf7 Nf6 $17) 31. c5 (31. Bxa6 $5 {
Looks very risky, but actually possible.} Bc5 (31... e5 32. c5 $1 Nxc5 (32...
Bxc5 33. Bxc5 Qxc5 34. Re2 $13) 33. Bxc5 Bxc5 34. Bc4+ Kh8 35. Nh4 {[%csl Re7,
Rf8,Rh8] is annoying for Black.}) 32. Bb5 Bxd4 33. Rxd4 e5 (33... Rf6 $2 34.
Red1 $1 Rxg6 35. hxg6 $18 {The threat 36.Rd8+ forces Black to give another
piece.}) 34. Rdd1 Rf6 35. Rd7 $8 Qxd7 36. Bxd7 Rxg6 37. Bxf5 Rxg2+ $1 38. Kxg2
Nd2 39. Bg4 Rf7 40. Be6 (40. Re3 Kh7 41. Kg3 Nf1+ 42. Kg2 Nxe3+ 43. fxe3 g6 {
with slight winning chances for Black.}) 40... Nxf3 41. Ra1 Be4 42. Bxf7+ Kxf7
43. Kg3 {This complicated endgame should end in a draw.}) 31... Bxc5 (31...
Bh2+ $5 32. Nxh2 axb5 33. Nf3 Bd5 {was another playable option for Black.}) 32.
Bc4 Qb6 $4 {This move is just a tactical oversight.} ({Necessary was} 32... Bd5
33. Bxd5 exd5 34. Qxa6 {with approximate equality.}) 33. Bxc5 $4 {Wrong moves
order!} ({By} 33. Bxe6+ $1 Qxe6 (33... Kh8 $4 34. Qxh6#) 34. Bxc5 {White could
win an exchange without any compensation.}) 33... Qxc5 $6 {It's not clear why
Morozevich gave his Pe6.} ({After} 33... Nxc5 {White still has to prove his
compensation.}) 34. Bxe6+ Kh8 35. Rd4 Bc6 36. Bxf5 Nf6 37. Rc4 (37. Rxe7 Qxe7 {
followed by 38...Be8, Black will equalize.}) 37... Rxe1+ 38. Nxe1 Qe7 39. Nd3
Be8 40. Qg3 Nxh5 41. Qg4 {After a tense time-trouble a totally equal position
arised.} Bf7 42. Rc5 Qd6 43. Qb4 Bg8 44. Ra5 Qxb4 1/2-1/2